00533nam a2200229Ia 450000500170000000800460001702000180006303700100008104000080009104000080009904000080010704100080011504100080012308400080013110000170013924500490015626000230020526000090022836500050023736500080024285600530025020260324130726.0008 260324s9999 xx 000 0 eng d a9781315704777 aEBOOK aCRL beng cCRL 2eng aeng qCRL aJames Ciment 0aEncyclopedia of Conflicts Since World War II bTaylor and Francis c2007 a b220 uhttp://www.taylorfrancis.com/books/9781315704777